000 01668nam a2200349 i 4500
001 000022307
003 DO-SdBNP
005 20250522134248.0
007 ta
008 100927s1999 dr 000 0 spa d
020 _a8492373644
040 _aDO-SdBNP
_bspa
_cBNPHU
_erda
041 _aspa
082 4 _a327.7207293
_bM611r
_222
245 0 0 _aMéxico y República Dominicana :
_bperspectiva histórica y contemporánea /
_ccompilador Pablo A. Mariñez ; editor José Chez Checo.
264 4 _aSanto Domingo :
_bComisión Permanente de la Feria del Libro,
_c©1999.
300 _a377 páginas ;
_c24 cm.
336 _atexto
_btxt
_2rdacontent
337 _asin mediación
_bn
_2rdamedia
338 _avolumen
_bnc
_2rdacarrier
500 _aIncluye referencias bibliográficas y notas al pie de las páginas
505 _aPresentación -- Desarrollo histórico político de República Dominicana y México: paralelismos, coincidencias y diferencias --Primera parte. Pedro Henríquez Ureña, y las relaciones culturales dominico-mexicanas --Segunda parte. Documentos histórico-políticos --Tercera parte. Visitas presidenciales -- Datos bio-bibliográficos
590 _aInventariado, 2018/BT
650 4 _aIntercambio literario y científico
_946070
650 4 _aRelaciones internacionales y cultura
_929418
651 4 _aRepública Dominicana
_xRelaciones Exteriores
_zMéxico
_911744
651 4 _aMéxico
_xRelaciones Exteriores
_zRepública Dominicana
_946069
700 1 2 _aMariñez, Pablo A.,
_ecompilador
_4comp.
_95748
700 1 2 _aChez Checo, José,
_d1949-
_eeditor
_4ed.
_910145
910 _aValidado. Control de calidad. MFF
942 _2ddc
_cLBS1
999 _c21805
_d21805